| 000 | 01594nam a2200469 i 4500 | ||
|---|---|---|---|
| 001 | 36043 | ||
| 003 | KOSZ 005 | ||
| 005 | 20200212093958.0 | ||
| 008 | 991006s1999 pl f f |000 0 pol | ||
| 015 | _aPB 1999/16458 | ||
| 020 | _a8372520151 | ||
| 035 | _a991011520859705066 | ||
| 035 | _a(PL-WaBN)b13133226-48omnis_nlop | ||
| 035 | _ab13133226 | ||
| 035 | _a(OCoLC)749480885 | ||
| 035 | _a(PL)b0000001313322 | ||
| 035 | _a(EXLNZ-48OMNIS_NETWORK)9910130430405606 | ||
| 040 |
_aWA N _cWA N _dKOSZ 005/HR |
||
| 041 | 0 | _apol | |
| 080 | _a004.438 | ||
| 080 | _a(075.8) | ||
| 100 | 1 |
_aWołoszyn, Jacek _eAutor |
|
| 245 | 1 | 0 |
_aPodstawy programowania obiektowego w języku C++ / _cJacek Wołoszyn ; Akademia Ekonomiczna w Krakowie. |
| 260 |
_aKraków : _bWydaw. AE, _c1999. |
||
| 300 |
_a178, [1] s. ; _c24 cm. |
||
| 336 |
_2rdacontent _aTekst _btxt |
||
| 337 |
_2rdamedia _aBez urządzzenia pośredniczącego _bn |
||
| 338 |
_2Rdacarrier _aWolumin _bnc |
||
| 380 | _aKsiążki | ||
| 380 | _aPublikacje dydaktyczne | ||
| 385 |
_mPoziom nauczania _aSzkoły wyższe |
||
| 388 | _a2001- | ||
| 504 | _aBibliogr. s. [179]. | ||
| 521 | 8 | _aDla studentów kierunku informatyki i ekonometrii. | |
| 650 | 7 |
_aC++ (język programowania) _2DBN |
|
| 655 | 7 |
_aPodręczniki akademickie _2DBN |
|
| 658 | _aInformatyka i technologie informacyjne | ||
| 710 | 2 |
_aAkademia Ekonomiczna (Kraków) _4pbl |
|
| 856 |
_uhttp://koha.tu.koszalin.pl/cgi-bin/koha/opac-detail.pl?biblionumber=36043 _yKatalog online BPK |
||
| 942 |
_2UKD _cKS |
||
| 999 |
_c36043 _d36043 |
||